Economic implications of chronic illness and disability in Eastern Europe and the former Soviet Union (Record no. 13669)
[ view plain ]
| 000 -LEADER | |
|---|---|
| fixed length control field | 01364nam a2200337Ia 4500 |
| 082 04 - DEWEY DECIMAL CLASSIFICATION NUMBER | |
| Classification number | 338.4/73621094 |
| 245 00 - TITLE STATEMENT | |
| Title | Economic implications of chronic illness and disability in Eastern Europe and the former Soviet Union |
| 260 ## - PUBLICATION, DISTRIBUTION, ETC. (IMPRINT) | |
| Place of publication | Washington, DC : |
| Name of publisher | World Bank, |
| Year of publication | c2008. |
| 300 ## - PHYSICAL DESCRIPTION | |
| Number of Pages | xvi, 136 p. : |
| Other physical details | col. ill., col. map. |
| 650 #0 - SUBJECT ADDED ENTRY--TOPICAL TERM | |
| Topical Term | Chronic diseases |
| Topical Term | Chronic diseases |
| 700 1# - ADDED ENTRY--PERSONAL NAME | |
| Personal name | Mete, Cem. |
| 856 40 - ELECTRONIC LOCATION AND ACCESS | |
| Uniform Resource Identifier | http://site.ebrary.com/lib/rucke/Doc?id=10252475 |
No items available.
